| 000 | 00439nam a2200157Ia 4500 | ||
|---|---|---|---|
| 008 | 220204s9999 xx 000 0 und d | ||
| 082 |
_a576.314 _bSAI |
||
| 100 | _aSAIER, Milton H | ||
| 245 | 0 | _aMolecular dynamics in biological menbranes | |
| 260 |
_bSpringer Verlag _c1975 |
||
| 490 | _aHeidelberg science library; v 22 | ||
| 650 | _aBiological membrane | ||
| 650 | _aSensory perception | ||
| 700 | _aSTILE, Charles D | ||
| 942 | _cBK | ||
| 999 |
_c24906 _d24906 |
||